Dora the explorer : Dora saves the Snow Princess (Record no. 277565)
[ view plain ]
| 000 -LEADER | |
|---|---|
| fixed length control field | 02750cgm a2200661Ka 4500 |
| 001 - CONTROL NUMBER | |
| control field | ocn769687864 |
| 003 - CONTROL NUMBER IDENTIFIER | |
| control field | OCoLC |
| 005 - DATE AND TIME OF LATEST TRANSACTION | |
| control field | 20231130120557.0 |
| 007 - PHYSICAL DESCRIPTION FIXED FIELD--GENERAL INFORMATION | |
| fixed length control field | vd cvaizq |
| 008 - FIXED-LENGTH DATA ELEMENTS--GENERAL INFORMATION | |
| fixed length control field | 111228p20122008xxu093 vaeng d |
| 020 ## - INTERNATIONAL STANDARD BOOK NUMBER | |
| Terms of availability | 14.95 |
| 024 1# - OTHER STANDARD IDENTIFIER | |
| Standard number or code | 097361465944 |
| 028 42 - PUBLISHER NUMBER | |
| Publisher number | 146594 |
| Source | Nickelodeon |
| 035 ## - SYSTEM CONTROL NUMBER | |
| System control number | (OCoLC)769687864 |
| 037 ## - SOURCE OF ACQUISITION | |
| Source of stock number/acquisition | Midwest Tape |
| Note | http://www.midwesttapes.com |
| 040 ## - CATALOGING SOURCE | |
| Original cataloging agency | TEFMT |
| Transcribing agency | TEFMT |
| Modifying agency | TEF |
| -- | BTCTA |
| -- | BDX |
| -- | WACOL |
| Description conventions | |
| 049 ## - LOCAL HOLDINGS (OCLC) | |
| Holding library | WACL |
| 050 14 - LIBRARY OF CONGRESS CALL NUMBER | |
| Classification number | PN1995.9.F36 |
| Item number | D673 2012 |
| 082 04 - DEWEY DECIMAL CLASSIFICATION NUMBER | |
| Classification number | 791.43/72 |
| Edition number | 22 |
| 092 ## - LOCALLY ASSIGNED DEWEY CALL NUMBER (OCLC) | |
| Classification number | EDVD |
| Item number | Dor |
| 245 00 - TITLE STATEMENT | |
| Title | Dora the explorer : Dora saves the Snow Princess |
| 246 30 - VARYING FORM OF TITLE | |
| Title proper/short title | Dora saves the Snow Princess |
| 260 ## - PUBLICATION, DISTRIBUTION, ETC. (IMPRINT) | |
| Place of publication, distribution, etc | [United States] : |
| Name of publisher, distributor, etc | Nickelodeon, |
| Date of publication, distribution, etc | [2012] |
| 264 ## - Production, Publication, Distribution, Manufacture, and Copyright Notice. | |
| Place of production, publication, distribution, manufacture | [United States] : |
| Name of producer, publisher, distributor, manufacturer | Nickelodeon Studios ; Viacom International, Inc. ; created by Chris Gifford, Valerie Walsh Valdes, Eric Weiner. |
| Date of production, publication, distribution, manufacture, or copyr | [2012] |
| 300 ## - PHYSICAL DESCRIPTION | |
| Extent | 1 videodisc (93 min.) : |
| Other physical details | sd., col. ; |
| Dimensions | 4 3/4 in. |
| 500 ## - GENERAL NOTE | |
| General note | Title from web page. |
| 500 ## - GENERAL NOTE | |
| General note | Release date: Mar. 6, 2012. |
| 500 ## - GENERAL NOTE | |
| General note | Videodisc release of the 2008 television program. |
| 505 0# - FORMATTED CONTENTS NOTE | |
| Formatted contents note | Dora saves the Snow Princess -- Dora's jack-in-the-box -- Bark, bark, to play park! |
| 511 0# - PARTICIPANT OR PERFORMER NOTE | |
| Participant or performer note | Voices: Caitlin Sanchez, Regan Mizrahi. |
| 520 ## - SUMMARY, ETC. | |
| Summary, etc | Join Dora, Boots, and the Snowflake Fairy as they try to save La Princessa Sabrina from a mean witch who has taken away her magic snow crystal and taken over the snowy forest. |
| 521 ## - TARGET AUDIENCE NOTE | |
| Target audience note | Rating: Not rated. |
| 538 ## - SYSTEM DETAILS NOTE | |
| System details note | DVD, region 1, full screen (1.33:1) presentation; Dolby Digital stereo. |
| 546 ## - LANGUAGE NOTE | |
| Language note | Closed-captioned. |
| 650 #0 - SUBJECT ADDED ENTRY--TOPICAL TERM | |
| Topical term or geographic name as entry element | Dora the Explorer (Fictitious character) |
| Form subdivision | Juvenile drama. |
| 9 (RLIN) | 5870630 |
| 650 #0 - SUBJECT ADDED ENTRY--TOPICAL TERM | |
| Topical term or geographic name as entry element | Princesses |
| Form subdivision | Juvenile drama. |
| 9 (RLIN) | 5675235 |
| 650 #0 - SUBJECT ADDED ENTRY--TOPICAL TERM | |
| Topical term or geographic name as entry element | Witches |
| Form subdivision | Juvenile drama. |
| 9 (RLIN) | 5761044 |
| 650 #0 - SUBJECT ADDED ENTRY--TOPICAL TERM | |
| Topical term or geographic name as entry element | Helping behavior |
| Form subdivision | Juvenile drama. |
| 9 (RLIN) | 5710552 |
| 650 #1 - SUBJECT ADDED ENTRY--TOPICAL TERM | |
| Topical term or geographic name as entry element | Dora the Explorer (Fictitious character) |
| Form subdivision | Drama. |
| 9 (RLIN) | 5716240 |
| 650 #1 - SUBJECT ADDED ENTRY--TOPICAL TERM | |
| Topical term or geographic name as entry element | Princesses |
| Form subdivision | Drama. |
| 9 (RLIN) | 5698097 |
| 650 #1 - SUBJECT ADDED ENTRY--TOPICAL TERM | |
| Topical term or geographic name as entry element | Witches |
| Form subdivision | Drama. |
| 9 (RLIN) | 5695777 |
| 650 #1 - SUBJECT ADDED ENTRY--TOPICAL TERM | |
| Topical term or geographic name as entry element | Snow |
| Form subdivision | Drama. |
| 9 (RLIN) | 6385351 |
| 655 #7 - INDEX TERM--GENRE/FORM | |
| Genre/form data or focus term | Feature films. |
| Source of term | lcgft |
| 9 (RLIN) | 5870632 |
| 655 #7 - INDEX TERM--GENRE/FORM | |
| Genre/form data or focus term | Children's films. |
| Source of term | lcgft |
| 9 (RLIN) | 5870633 |
| 655 #7 - INDEX TERM--GENRE/FORM | |
| Genre/form data or focus term | Fantasy films. |
| Source of term | lcgft |
| 9 (RLIN) | 102694 |
| 655 #7 - INDEX TERM--GENRE/FORM | |
| Genre/form data or focus term | Action and adventure films. |
| Source of term | lcgft |
| 9 (RLIN) | 5674017 |
| 655 #7 - INDEX TERM--GENRE/FORM | |
| Genre/form data or focus term | Video recordings for the hearing impaired. |
| Source of term | lcgft |
| 9 (RLIN) | 5870634 |
| 700 1# - ADDED ENTRY--PERSONAL NAME | |
| Personal name | Sanchez, Caitlin. |
| 9 (RLIN) | 5870635 |
| 700 1# - ADDED ENTRY--PERSONAL NAME | |
| Personal name | Mizrahi, Regan. |
| 9 (RLIN) | 5870636 |
| 700 1# - ADDED ENTRY--PERSONAL NAME | |
| Personal name | Gifford, Chris. |
| 9 (RLIN) | 77442 |
| 700 1# - ADDED ENTRY--PERSONAL NAME | |
| Personal name | Walsh, Valerie. |
| 9 (RLIN) | 70016 |
| 700 1# - ADDED ENTRY--PERSONAL NAME | |
| Personal name | Weiner, Eric. |
| 9 (RLIN) | 5870637 |
| 710 2# - ADDED ENTRY--CORPORATE NAME | |
| Corporate name or jurisdiction name as entry element | Nickelodeon Animation Studios (Firm) |
| 9 (RLIN) | 69075 |
| 710 2# - ADDED ENTRY--CORPORATE NAME | |
| Corporate name or jurisdiction name as entry element | Viacom International. |
| 9 (RLIN) | 4157 |
| 730 0# - ADDED ENTRY--UNIFORM TITLE | |
| Uniform title | Dora the explorer (Television program) |
| 9 (RLIN) | 51619 |
| 942 ## - ADDED ENTRY ELEMENTS (KOHA) | |
| Koha item type | DVD |
| Source of classification or shelving scheme | Dewey Decimal Classification |
| 948 ## - LOCAL PROCESSING INFORMATION (OCLC); SERIES PART DESIGNATOR (RLIN) | |
| Series part designator, SPT (RLIN) | 04/11/2012 |
| b (OCLC) | 07/17/2012 |
| z (OCLC) | Sirsi |
| Withdrawn status | Lost status | Source of classification or shelving scheme | Damaged status | Not for loan | Collection code | Home library | Current library | Shelving location | Date acquired | Cost, normal purchase price | Total Checkouts | Total Renewals | Full call number | Barcode | Checked out | Date last seen | Date checked out | Cost, replacement price | Price effective from | Koha item type |
|---|---|---|---|---|---|---|---|---|---|---|---|---|---|---|---|---|---|---|---|---|
| Dewey Decimal Classification | Children Movies | Wasatch County Library | Wasatch County Library | Audio Visual Area | 07/17/2012 | 14.95 | 174 | 31 | E DVD Dor | 34301001464975 | 03/16/2026 | 02/23/2026 | 02/23/2026 | 14.95 | 03/20/2020 | DVD |
